Ultraviolet bright star spectrometric catalogue (Record no. 4642)

MARC details
000 -LEADER
fixed length control field 00721nam a2200241Ia 4500
003 - CONTROL NUMBER IDENTIFIER
control field IN-BaIIA
008 - FIXED-LENGTH DATA ELEMENTS--GENERAL INFORMATION
fixed length control field 211028s9999 xx 000 0 eng d
040 ## - CATALOGING SOURCE
Transcribing agency IIA Library
080 ## - UNIVERSAL DECIMAL CLASSIFICATION NUMBER
Universal Decimal Classification number 083.8:52
Item number JAM
110 ## - MAIN ENTRY--CORPORATE NAME
Corporate name or jurisdiction name as entry element European Space Agency
9 (RLIN) 8212
245 #0 - TITLE STATEMENT
Title Ultraviolet bright star spectrometric catalogue
Statement of responsibility, etc. edited by C. Jamar… [et al.]
260 ## - PUBLICATION, DISTRIBUTION, ETC.
Place of publication, distribution, etc. Paris
Name of publisher, distributor, etc. European Space Agency
Date of publication, distribution, etc. 1976
300 ## - PHYSICAL DESCRIPTION
Extent 489p.
650 ## - SUBJECT ADDED ENTRY--TOPICAL TERM
Topical term or geographic name entry element Bright Stars
9 (RLIN) 8213
650 ## - SUBJECT ADDED ENTRY--TOPICAL TERM
Topical term or geographic name entry element Catalogue-Stars
9 (RLIN) 966
650 ## - SUBJECT ADDED ENTRY--TOPICAL TERM
Topical term or geographic name entry element NASA Thesaurus
650 ## - SUBJECT ADDED ENTRY--TOPICAL TERM
Topical term or geographic name entry element Star-Catalogues
9 (RLIN) 8214
700 ## - ADDED ENTRY--PERSONAL NAME
Personal name Jamar, C., ed.
9 (RLIN) 8215
700 ## - ADDED ENTRY--PERSONAL NAME
Personal name Macau-Hercot, D., ed.
9 (RLIN) 8216
700 ## - ADDED ENTRY--PERSONAL NAME
Personal name Monfils, A., ed.
9 (RLIN) 8217
700 ## - ADDED ENTRY--PERSONAL NAME
Personal name Thompson, G. I., ed.
9 (RLIN) 8218
942 ## - ADDED ENTRY ELEMENTS (KOHA)
Koha item type Books
Holdings
Withdrawn status Lost status Damaged status Not for loan Home library Current library Shelving location Date acquired Total Checkouts Full call number Barcode Date last seen Price effective from Koha item type
        IIA Library-Bangalore IIA Library-Kavalur General Stacks     083.8:52/ JAM 5177 05/11/2021   Books

Powered by Koha